| 000 | 00444nam a2200145Ia 4500 | ||
|---|---|---|---|
| 008 | 230917s9999||||xx |||||||||||||| ||und|| | ||
| 040 |
_e242635 _aMAIN |
||
| 041 | _aEnglish | ||
| 082 | _a891.49150301751 KO115K | ||
| 100 | _aकादयन, ओमप्रकाश | ||
| 245 | 0 | _aकैक्टस के फूल | |
| 260 |
_aकैथल _bअक्षरधाम प्रकाशन _c2013 |
||
| 300 | _a88 पृ. p. | ||
| 942 | _cHN | ||
| 999 |
_c168215 _d168215 |
||